MDQL
is popping MORE tags! Check the
thread
!
Quizzes
Events
Quiz Creation
Community
Videos
Private Events
Remove Ads
Sign In
Join for FREE
Feedback
Dark Mode
Quiz Categories
Sports
Geography
Music
Movies
Television
Just For Fun
Miscellaneous
History
Literature
Language
Science
Gaming
Entertainment
Religion
Holiday
For Kids
Quiz Lab
Recent
Popular Today
Quiz Kudos Today
Editor Picks
Curator Picks
Quizzes by...
Day
Popularity
Type
Ratings
Length
Year
Community
Subscriptions
Recent Discussions
Orange Saloon
Badges
Playlists
Quests
Create
Leaderboards
Showdown
Live 5
Trivia Bingo
Activity
Puzzle Library
Sporcle Events
Private Events
Virtual Trivia
Globe League
Become a Host
Pub Owners
SporcleCon
Opinionation
Our Games
Videos
Blog
Mobile Apps
Partnerships
Remove Ads and Go Orange
Feedback
Language
Vocabulary
Begins and Ends
Definition
Spanish
French
German
Italian
Chinese
Latin
Translation
Japanese
Language
Vocabulary
Begins and Ends
Definition
Spanish
French
German
Italian
Chinese
Latin
Translation
Japanese
Random Quiz
Search Sporcle
×
Quiz Lab
Quiz Lab
Language
Vocabulary
Type in answers that appear in a list
Type in answers that appear in a list
Classic
Best Score? Go Orange.
German Vocabulary #5 Stats
Can you name the German Vocabulary #5?
By
tnunez5
10m
73 Questions
53 Plays
53 Plays
53 Plays
Comments
Comments
Give Quiz Kudos
Give Quiz Kudos
-
- Ratings
hide this ad
Replay
Link that replays current quiz
Next Quiz
Link to next quiz in quiz playlist
You Got
0%
They Got
Avg Score
29%
Avg Friend Score
Upgrade to see
Score Distribution
Jump to the score distribution portion of the page
Score
0/73
Timer
10:00
0
Plays Today
% Correct
Fruh
71.7%
Mussen
67.9%
Wollen
66%
Manchmal
64.2%
Konnen
62.3%
Anfangen
60.4%
Anrufen
60.4%
Oft
60.4%
Spat
56.6%
wenn
56.6%
Fruhstucken
54.7%
bis
54.7%
Vergessen
52.8%
Sollen
50.9%
Mogen
50.9%
Genau
49.1%
Lieb
49.1%
Normalerweise
49.1%
der Geburtstag
49.1%
weil
47.2%
der Schnee
47.2%
Rauchen
47.2%
Fertig
45.3%
fernsehen
45.3%
Aufstehen
43.4%
Durfen
41.5%
der Bahnhof
37.7%
Bevor
35.8%
Kennen Lernen
34%
aussehen
32.1%
die Tasche
32.1%
Schneien
32.1%
Ausgehen
32.1%
Aufraumen
30.2%
Ankommen
28.3%
Aufwachen
28.3%
die Hausaufgabe
26.4%
% Correct
der Fernseher
26.4%
Reden
26.4%
Zuruckkommen
24.5%
die Autobahn
22.6%
Durchlesen
22.6%
Obwohl
20.8%
Mitkommen
20.8%
Wegfahren
20.8%
Rad fahren
18.9%
Gehst du nach Hause?
17%
Anprobieren
17%
Spazieren Gehen
17%
Diesmal
15.1%
Das Stimmt
15.1%
Ausprobieren
15.1%
Vor allem
13.2%
Abfahren
11.3%
Aufpassen
11.3%
einschlafen
11.3%
Heimkommen
11.3%
Damit
9.4%
Sobald
9.4%
der Fahrplan
9.4%
Aufhoren
7.5%
Anhoren
7.5%
Weiterlesen
7.5%
Bist du heute Abend zu Hause?
5.7%
das Taschenmesser
5.7%
fabelhaft
3.8%
meistens
3.8%
Wann isst du zu mittag?
3.8%
Was fur ein Schweinestall
1.9%
Vorhaben
1.9%
Wie sagt man das auf Deutch
0%
das Refarat
0%
der Erflog
0%
Quiz Playlist
Details
Report
Send in Message
Add To Playlist
Classic:
Type in answers that appear in a list
Last Updated: Feb 16, 2017
Quiz Scoreboard
CHALLENGE
Sign Up to Join the Scoreboard
Show All
Scores
Hide
Comments
May contain spoilers
Recently Published
Two Season TV Shows II
by 123Four
Television
10m
Image Sorting: Flags VI
by Barbecue
Geography
2m
Find the 'City' Movie
by crazypaving
Movies
60s
More to Explore
Quiz From the Vault
Featured Blog Post
14 Easter Pick-up Lines to Find Eggs With
hide this ad
You Might Also Like...
Tags
German Quiz
Vocabulary Quiz
Today's Top Quizzes in Language
Browse Language
hide this ad
Today's Top Quizzes in Vocabulary
Browse Vocabulary
Top Contributed Quizzes in Language
1
What Word Starts All?
2
1-10 Letter F Words III
3
Arabic Numerals
4
1-10 Letter G Words III
5
Harry Potter book 6 chapters: English & Greek
6
1-10 Letter H Words III
7
Weisst du, aus welchen Sprachen diese Wörter stammen?
8
1-10 Letter I Words III
9
Celtic Nations in their Language
10
Russian Alphabet (Picture Click)
Explore More
Trending Topics
Crossword
Marvel
NBA
Anime
Harry Potter
Disney
Kpop
The Office
Song
WWE
Soccer
Country
NFL
Pokémon
Puzzle
hide this ad
More By:
tnunez5
Quiz
Plays
Rating
Category
Featured
Created
German Vocabulary #2
926
1.50
Language
Dec 5, 2011
German Vocabulary #5
53
2.33
Language
Dec 5, 2011
German Vocabulary #3
49
Language
Dec 5, 2011
German Vocabulary #4
45
Language
Dec 5, 2011
German Vocabulary Chapter 1
37
Language
Dec 5, 2011
Go to Creator's Profile
Score Distribution
Quiz Creator Spotlight
tnunez5
Follow
Send a Message
Quizzes Created
-
Created Quiz Play Count
-
More By This Creator
Popular Quizzes Today
1
Colored Red Africa Blitz
2
Find the US States - No Outlines Minefield
3
Find the 'City' Movie
4
5x2 Blitz: Bands
5
The Countries of the World
6
Find the US States
7
Find the Countries of Europe - No Outlines Minefield
8
US States
More Language Quizzes
Word Wheels XIII
Published
Trending Quizzes
Colored Red Europe Blitz I
Colored Red Africa Blitz II
Colored Red Europe Blitz II
Colored Red Africa Blitz III
Colored Red Europe Blitz III
Recently Updated
How Do You Spell That?
pecheneg
Godzilla Movies
pecheneg
Grab Bag: 4-10 Letters
pecheneg
2024 March Madness Bracket
pecheneg
Famous TV Couples
Peacemaker
Champions League XIs: Real Madrid
pecheneg
Largest US Cities 1790-2010
pecheneg
Rides in Walt Disney World
pecheneg
Most Oscar Losses (Acting)
pecheneg
Beyoncé Albums
pecheneg
Trending Topics
NBA
Kpop
Marvel
Disney
Harry Potter
Crossword
Anime
NFL
Country
Puzzle
Pokémon
Soccer
Song
WWE
The Office
Your Account Isn't Verified!
In order to create a playlist on Sporcle, you need to verify the email address you used during registration. Go to your
Sporcle Settings
to finish the process.
Report this User
Report this user for behavior that violates our
Community Guidelines
.
Details:
Send Report
Go to the Sporcle.com Mobile Site →
Comments